Home Print Resources E-Books E-Journals IIMT Lecture Series Library Membership Form Book Recommendation Form Campus Tour Take AdmissionAbout Us Contact Us

OPTIMIZATION TECHNIQUES (Record no. 29950)

000 -LEADER
fixed length control field 00239nam a2200109Ia 4500
008 - FIXED-LENGTH DATA ELEMENTS--GENERAL INFORMATION
fixed length control field 170620s9999 xx 000 0 und d
100 ## - MAIN ENTRY--PERSONAL NAME
Personal name RASTOGI- ROBINS
245 #0 - TITLE STATEMENT
Title OPTIMIZATION TECHNIQUES
260 ## - PUBLICATION, DISTRIBUTION, ETC.
Name of publisher, distributor, etc. ARDENT
260 ## - PUBLICATION, DISTRIBUTION, ETC.
Date of publication, distribution, etc. 2013
300 ## - PHYSICAL DESCRIPTION
Extent 159
546 ## - LANGUAGE NOTE
Language note ENGLISH
Holdings
Withdrawn status Lost status Source of classification or shelving scheme Damaged status Not for loan Home library Current library Date acquired Source of acquisition Cost, normal purchase price Total Checkouts Barcode Date last seen Price effective from Koha item type
          NOIDA College IIMT College of Management NOIDA College IIMT College of Management   10 115.00   09-B-7032 06/26/2017 06/26/2017 Text-Book- for 7 days
IIMT, Central Library. All Rights Reserved IIMT,UNIVERSITY © 2023
Implemented and Customised by I CLOUDE EMS
You Are OPAC Visitor No
free web counter

Powered by Koha